| 000 | 00648nam a2200157 a 4500 | ||
|---|---|---|---|
| 008 | 130927s1923 ||||||||||||||||| || u | ||
| 050 | _aRC 961 PRA | ||
| 100 | _aByam, W | ||
| 245 | 1 | 4 |
_aThe practice of medicine in the tropics: v. III _cedited by W. Byam and R. G. Archibald |
| 260 |
_aLondon: _bHenry Frowde and Hodder _c1923 |
||
| 300 | _axx, varied pagings: ill. | ||
| 650 | _aTROPICAL MEDICINE | ||
| 650 | _aINSECTS AS CARRIERS--DISEASE | ||
| 700 | _aArchibald, R. G | ||
| 995 |
_aMEDICAL LIBRARY OPEN ACCESS _e902351 _FCBU-SCHOOL OF MEDICINE LIBRARY (Ndola) _jRC 961 PRA _M1 _UAVAILABLE _WNov 7, 2013 _y902351 _ZMedical Library Open Access Collection |
||
| 999 |
_c32450 _d32450 |
||